Представление документа в формате MARC21

Поле Инд. ПП Название Значение
Тип записи a
Библиографический уровень m
001 Контрольный номер RU/IS/BASE/390921927
005 Дата корректировки 20140703152039.1
008 Кодируемые данные 070123
020 c Цена, тираж б/ц
040 a Служба первич. каталог. НБ ТвГУ
041 a Код языка текста rus
080 a Индекс УДК 811.111'42(043.3)
a Индекс УДК 811.111'367(043.3)
084 a Индекс другой классификации/Индекс ББК Ш143.21-223я031
a Индекс другой классификации/Индекс ББК Ш143.21-227.4я031
090 a Полочн. индекс Ш143.21
x Авторский знак А45
100 1_ a Автор Алекберова Инесса Эльдаровна
q Полное имя Алекберова И. Э.
245 10 a Заглавие Функционально-семантические характеристики приглашения в английском языке
b Продолж. заглавия дис. ... канд. филол. наук : 10.02.04
c Ответственность Твер. гос. с.-х. акад.
260 1_ a Место издания Тверь
b Издательство [б. и.]
c Дата издания 2006
300 a Объем 158 с.
b Иллюстрации/ тип воспроизводства табл.
500 a Примечание На правах рукоп.
502 a Примечание о диссертации Дис.(канд.) - Твер. гос. с.-х. акад., 2006
504 a Библиография Библиогр.: с. 145-158
583 a Действие Получение впервые 2 23.01.2007
650 a Основная рубрика Английский язык
x Основная подрубрика Синтаксис
x Основная подрубрика Синтаксические конструкции
650 a Основная рубрика Текст (лингв.)
653 a Ключевые слова Английский язык
a Ключевые слова Высказывания-приглашения
a Ключевые слова Диалогическая речь
a Ключевые слова Диалогический дискурс
a Ключевые слова Дискурс
a Ключевые слова Диссертации
a Ключевые слова Синтаксис английского языка
a Ключевые слова Синтаксические конструкции
a Ключевые слова Текст (лингв.)
852 t Порядковый номер экземпляра 1
p Инвентарный номер б/н
888 a Бесплатные
901 t Тип документа m
930 a Новая/Ретро диссертации
952 p 2.2007 б/ц 1 б/н
c Вид литературы Дис н
954 a Дата поступления на обработку 20070126
999 a Подразделение 2 ч.з.